| Поле | Название | Значение |
| |
Тип записи |
a |
| |
Библиографический уровень |
m |
| 001 |
Контрольный номер |
RU/УГОНБ/EK/55034 |
| 005 |
Дата корректировки |
20260407094745.2 |
| 010 |
Индекс ISBN |
__ |
| a |
ISBN |
5-231-00429-4 |
| d |
Цена |
3300 р. |
| 9 |
Тираж |
30000 экз. |
| b |
Уточнения |
в пер. |
| 100 |
Данные общей обработки |
__ |
| a |
Данные общей обработки |
19950323d1993 u u0rusy0189 ca |
| 101 |
Язык документа |
0_ |
| a |
Язык текста |
rus |
| 102 |
Страна публикации |
__ |
| a |
Страна публикации |
RU |
| 105 |
Кодированные данные (монография) |
__ |
| a |
Кодированные данные (монография) |
a z 000yy |
| 200 |
Заглавие и сведения об ответственности |
1_ |
| a |
Заглавие |
Болезни печени и почек |
| f |
Первые сведения об ответственности |
Б. И. Шулутко |
| 210 |
Выходные данные |
1_ |
| a |
Место издания |
Санкт-Петербург |
| c |
Издательство |
Изд-во Санкт-Петербургского санитарно-гигиенического медицинского института |
| d |
Дата издания |
1993 |
| 215 |
Физическое описание |
__ |
| a |
Объем |
479 с. |
| d |
Формат |
21 см |
| c |
Иллюстрации/тип воспроизводства |
ил. |
| 606 |
Тематические рубрики |
0_ |
| a |
Основная рубрика |
Печень |
| x |
Основная подрубрика |
Болезни |
| 606 |
Тематические рубрики |
0_ |
| a |
Основная рубрика |
Почечные болезни |
| 610 |
Ключевые слова |
0_ |
| a |
Ключевые слова |
печень заболевания; заболевание почек; почечные болезни; почки лечение |
| 686 |
Индексы других классификаций |
__ |
| a |
Классификационный индекс |
54.135.1 |
| 2 |
Код системы |
rubbk |
| 686 |
Индексы других классификаций |
__ |
| a |
Классификационный индекс |
56.965.4 |
| 2 |
Код системы |
rubbk |
| 700 |
Автор |
_1 |
| a |
Фамилия |
Шулутко |
| b |
Имя (инициалы) |
Б. И. |
| g |
Полное личное имя |
Борис Ильич |
| 801 |
Источник записи |
_0 |
| a |
Страна |
RU |
| b |
Организация |
Ульяновская ОНБ |
| c |
Дата составления |
19950323 |
| g |
Правила каталогизации |
RCR |
| 801 |
Источник записи |
_1 |
| a |
Страна |
RU |
| b |
Организация |
Ульяновская ОНБ |
| c |
Дата составления |
20060110 |
| g |
Правила каталогизации |
RCR |
| 901 |
Тип документа |
__ |
| t |
Тип документа |
m |
| 910 |
Корректоры записи |
__ |
| a |
Корректор записи |
Горбункова |
| b |
Дата внесения изменения в запись |
20260407 |